000
00215 a2200097 4500
001
30331
100
_a
Dostoevsky, F
245
_a
The brothers karamagov
260
_a
London
_b
Dent & Sons
_c
090
_c
20280
_d
20280
942
_a
NUST-CAE
_c
M
_c
11426
999
_c
265404
_d
265404